| 000 | 01050nam a22003137a 4500 | ||
|---|---|---|---|
| 003 | CHAP | ||
| 005 | 20220329134509.0 | ||
| 008 | 971013s1972 r 00010 d | ||
| 010 | _a21212 | ||
| 011 | _a22184 | ||
| 035 | _a26277 | ||
| 040 | _cCHAP | ||
| 082 |
_a674.2 _bB6 |
||
| 100 | 0 | 0 |
_aBorgo Bilia, Gumersindo. _913868 |
| 245 | _aAserraderos ; apuntes | ||
| 260 |
_aMedellín : _bUniversidad Nacional. Facultad de Ciencias Agrícolas, _c1972 |
||
| 300 | _apág. varía | ||
| 590 |
_aBATCH-UPD _b10 _c20130110 _lUCH01 _h0128 |
||
| 590 |
_aBATCH-UPD _b10 _c20130110 _lUCH01 _h2108 |
||
| 590 |
_aBATCH-UPD _b10 _c20130409 _lUCH01 _h2123 |
||
| 590 |
_aBATCH-UPD _b10 _c20130914 _lUCH01 _h0417 |
||
| 590 |
_aCONVERSION _b10 _c20130109 _lUCH01 _h1313 |
||
| 650 | 1 | 4 |
_aAserraderos. _97892 |
| 650 | 1 | 4 |
_aClasificación Decimal de Oxford. _923677 |
| 901 | _aBK | ||
| 942 | _cLIBRO | ||
| 949 |
_a674.2 B6 _bBC _cLIBRO _d33724000106670 _eLIBRO _gI. c/e _h35386 _i26277 _si _t12.00 |
||
| 949 |
_a674.2 B6 _bBC _cLIBRO _d33724000106688 _eLIBRO _fc.2 _h35386 _i26277 _si _t12.00 |
||
| 999 |
_c21212 _d21212 |
||